Trasa Autobusu 409 Warszawa - Statystyki

Ogólne statystyki
  • Ten quiz został rozwiązany 6 razy
  • Średni wynik to 15 z 34
Statystyki odpowiedzi
Ulice Przystanki % Poprawnych
Al. Gen. Marii Witek Metro Młociny
100%
Wólczyńska Estrady
83%
Pułkowa Muzealna
83%
Josepha Conrada Chomiczówka
67%
Kazimierza Wóycickiego Cmentarz Północny-Brama Główna
67%
Kazimierza Wóycickiego Cmentarz Północny-Brama Głowna
67%
Estrady Cmentarz Północny-Brama Zachodnia
67%
Josepha Conrada Conrada
67%
Sokratesa Bogusławskiego
50%
Krasnobrodzka Bródno-Podgrodzie
50%
Chodecka Bródno-Podgrodzie
50%
Kazimierza Wóycickiego Cmentarz Północny-Brama Północna
50%
Wólczyńska Cmentarz Północny-Brama Południowa
50%
Jana Kochanowskiego Kochanowskiego
50%
Ludwika Kondratowicza Metro Kondratowicza
50%
Pułkowa Prozy
50%
Estrady Wólka Węglowa
50%
Zygmunta Słomińskiego Baseny Inflancka
33%
Św. Wincentego Cmentarz Bródnowski
33%
Zygmunta Słomińskiego Dworzec Gdański
33%
Św. Wincentego Kołowa
33%
Josepha Conrada Kwitnąca
33%
Św. Wincentego Niwa
33%
Powązkowska Powązki-Cmentarz Wojskowy
33%
Powązkowska Powązki-IV Brama
33%
Powązkowska Powązkowska
33%
Św. Wincentego Rogowska
33%
Stefana Starzyńskiego Rondo Starzyńskiego
33%
Św. Wincentego Rondo Żaba
33%
Gen. Stanisława Maczka Generała Maczka
17%
Chodecka Łojewska
17%
Ludwika Kondratowicza Szpital Bródnowski
17%
Jana Kochanowskiego Galla Anonima
0%
Św. Wincentego Żuromińskiego
0%
Nie znaleziono quizów pasujących do podanych kryteriów
Rozkład punktacji
Procent ludzi z każdym wynikiem
Percentyl według liczby udzielonych odpowiedzi
Twoja historia wyników
Nie rozwiązałeś tego quizu